Marvel Rivals - Hero Select Quote - Statistics

General Stats
  • This quiz has been taken 161 times
    16 since last reset
  • The average score is 44 of 50
Answer Stats
Quote Hero Name % Correct
"The hand of Heven is here. Show some respect." Angela
100%
"Science solves problems." Bruce Banner
100%
"Freedom's an idea that will never die." Captain America
100%
"We are _____ and ______, we are hope and fear." Cloak & Dagger
100%
"You know, I just don't get why everyone hates on Duelist mains… I mean, come on." Deadpool (Duelist)
100%
"My "strategy"? Dive first and gg no heal. Duh." Deadpool (Strategist)
100%
"Open your eyes, reality is but an illusion." Doctor Strange
100%
"I am _____." Groot
100%
"Once an Avenger, always an Avenger." Hawkeye
100%
"I'm the brightest in the sky!" Human Torch
100%
"Yīfū dāng guān, wàn fū mò kāi!" Iron Fist
100%
"Mrrrrr!" Jeff!
100%
"I am ____, God of Mischief and the King of Asgard!" Loki
100%
"Life energy is a powerful weapon against evil." Mantis
100%
"I tear through the cloudless night, just like the moon." Moon Knight
100%
"You don't need to be a witch to find the magic in this world, but it does help." Scarlet Witch
100%
"I'm your friendly neighborhood ______-___ , only my neighborhood is like multiple realities. Cool right?" Spider-Man
100%
"Eat nuts and kick butts!" Squirrel Girl
100%
"Wind, cloud and _____, heed my command." Storm
100%
"I am the God of Thunder and the Mightiest Avenger!" Thor
100%
"The higher the pressure, the more dazzling the diamond." Emma Frost
91%
"I have mutant powers, and a little demonic magic too." Magik
91%
"Be wary. No timeline exists where _______ yields." Magneto
91%
"Those who oppose me shall be left to drown in my wake." Namor
91%
"My ōdachi's sharp. My mind is sharper." Psylocke
91%
"Who're you callin' a raccoon, huh?" Rocket Raccoon
91%
"You picked the right gal for the job, sugah!" Rogue
91%
"Someone's gotta guard the galaxy, might as well be me." Star-Lord
91%
"I am beyond my pitiful creator, I am beyond everyone." Ultron
91%
"We are _____, you are insignificant." Venom
91%
"Stepping out of the shadows." Black Widow
82%
"They call me Dizang now, but _________ will do." Daredevil
82%
"With me on the front lines, we can't lose! You know, unless we do…" Deadpool (Vanguard)
82%
"Who's ready to go hunting?" Elsa Bloodstone
82%
"Make way for the king of thieves." Gambit
82%
"I'm not the type who fades quietly into the background." Invisible Woman
82%
"I'm ____ ____, like the moon, I shine in darkness." Luna Snow
82%
"I'm here to finish the fight my father began, I hope I make him proud." Peni Parker
82%
"I'm not a hero, I'm ___ ________." The Punisher
82%
"Who needs four when you got one like me?" The Thing
82%
"I will bring peace to this world, no matter the cost." Adam Warlock
73%
"Are you ready to hunt?" Black Panther
73%
"I fight to end the darkness that spawned me." Blade
73%
"No one escapes ___." Hela
73%
"I never wanted to be ____ ___ but it worked out for every body." Iron Man
73%
"I am the _______, behold my cosmic might." Phoenix
73%
"I'm not anyone's sidekick. What I do is best done alone." Winter Soldier
73%
"_____ ___ here! The hunt begins." White Fox
64%
"Anyone stands in my way, they won't be standin' much longer." Wolverine
64%
"I've seen wonders out there in the cosmos few humans will ever behold." Mister Fantastic
55%
No matching quizzes found
Score Distribution
Percent of People with Each Score
Percentile by Number Answered
Your Score History
You have not taken this quiz since the last reset